| 000 | 00439nam a2200169 4500 | ||
|---|---|---|---|
| 003 | OSt | ||
| 005 | 20230914115200.0 | ||
| 008 | 230914b |||||||| |||| 00| 0 eng d | ||
| 020 | _a9789355854568 | ||
| 040 | _cCOMPLIMENTARY | ||
| 050 | _a371.2 | ||
| 082 |
_2I _a371.2 _b371.2/PAT |
||
| 245 |
_aCOMMUNICATION SKILLS- ENGLISH _cPATIL MANGESH _hENGLISH |
||
| 250 | _aI | ||
| 260 |
_aPUNE _bTECHNICAL PUBLICATION _c2023 |
||
| 942 |
_2ddc _n0 _cBK _eI |
||
| 999 |
_c35956 _d35956 |
||